[Event "SRB-chT3 East CS"]
[Site "Kladovo"]
[Date "2016.10.15"]
[Round "10.53"]
[White "Desic, Zoran"]
[Black "Rasic, Jovan"]
[Result "1/2-1/2"]
[WhiteElo "2059"]
[BlackElo "2129"]
[PlyCount "91"]
[EventDate "2016.09.04"]
[EventType "team-tourn"]
[EventRounds "11"]
[EventCountry "SRB"]
[SourceTitle "EXT 2021"]
[Source "ChessBase"]
[SourceDate "2020.10.23"]
[SourceVersion "1"]
[SourceVersionDate "2020.10.23"]
[SourceQuality "1"]

1. e4 g6 2. d4 Bg7 3. Bc4 d6 4. Nc3 Nf6 5. Nge2 0-0 6. Be3 Nc6 7. Qd2 a6 8. a3 b5 9. Bd3 Ng4 10. 0-0 Nxe3 11. Qxe3 e5 12. d5 Nd4 13. Qd2 Qh4 14. Nxd4 exd4 15. Ne2 Re8 16. f4 Bg4 17. Rae1 f5 18. Ng3 fxe4 19. Nxe4 h6 20. Ng3 g5 21. Ne4 gxf4 22. Rxf4 Rf8 23. g3 Qh5 24. Ref1 Rxf4 25. Rxf4 Rf8 26. Rxf8+ Kxf8 27. Qf4+ Ke7 28. Nf2 Bd7 29. Qe4+ Qe5 30. Kg2 Qxe4+ 31. Bxe4 Be8 32. Kf3 Bh5+ 33. g4 Bf7 34. Nd3 a5 35. b3 Bf6 36. h3 Bg5 37. Kg3 Bd2 38. h4 Kf6 39. Kf3 Bg8 40. Ke2 Bc3 41. Kf3 Bd2 42. Ke2 Bc3 43. Nf4 Bf7 44. Nd3 Bg8 45. Nf4 Bf7 46. Nd3 1/2-1/2

[Event "Skopje Karpos Cristmas op"]
[Site "Skopje"]
[Date "2016.01.16"]
[Round "2"]
[White "Stojanovski, Dejan"]
[Black "Rasic, Jovan"]
[Result "1-0"]
[WhiteElo "2432"]
[BlackElo "2075"]
[PlyCount "79"]
[EventDate "2016.01.16"]
[EventType "swiss"]
[EventRounds "9"]
[EventCountry "MKD"]
[SourceTitle "CBM 170 Extra"]
[Source "ChessBase"]
[SourceDate "2016.02.25"]
[SourceVersion "1"]
[SourceVersionDate "2016.02.25"]
[SourceQuality "1"]

1. d4 g6 2. e4 Bg7 3. Nc3 d6 4. Bg5 Nf6 5. f4 0-0 6. Nf3 d5 7. e5 Ne4 8. Bh4 c5 9. dxc5 Nxc3 10. bxc3 Qa5 11. Qd2 Qxc5 12. Qd4 Qc7 13. Bd3 Be6 14. 0-0 Rc8 15. Rab1 Nc6 16. Qe3 Na5 17. Nd4 Qxc3 18. Nxe6 fxe6 19. Be1 Nc4 20. Qh3 Qd4+ 21. Kh1 b6 22. Qxe6+ Kh8 23. Qxe7 Rf8 24. Qh4 Ne3 25. Rf3 Nf5 26. Qf2 Qa4 27. c3 Nh6 28. h3 Nf5 29. g4 Nh6 30. Rb4 Qc6 31. Rd4 Qe6 32. Bd2 Rf7 33. c4 Raf8 34. cxd5 Qc8 35. Be4 Qd8 36. Rdd3 Qb8 37. d6 Qc8 38. Bd5 Nxg4 39. hxg4 Qxg4 40. Bxf7 1-0

[Event "SRB Central-chT qual"]
[Site "Nis"]
[Date "2014.10.04"]
[Round "4"]
[White "Djordjevic, Miroslav"]
[Black "Rasic, Jovan"]
[Result "0-1"]
[WhiteElo "1985"]
[BlackElo "2016"]
[PlyCount "70"]
[EventDate "2014.10.02"]
[EventType "team-tourn"]
[EventRounds "7"]
[EventCountry "SRB"]
[SourceTitle "CBM 163 Extra"]
[Source "ChessBase"]
[SourceDate "2014.12.23"]
[SourceVersion "1"]
[SourceVersionDate "2014.12.23"]
[SourceQuality "1"]

1. f4 d5 2. Nf3 Nc6 3. e3 g6 4. Bb5 Bd7 5. d3 Bg7 6. 0-0 Nf6 7. Nbd2 0-0 8. Bxc6 Bxc6 9. Ne5 Bb5 10. a4 Ba6 11. b4 b6 12. Ba3 Bb7 13. Rb1 Nd7 14. Nef3 e5 15. Ng5 d4 16. e4 exf4 17. Nh3 g5 18. b5 Nc5 19. Nb3 Qe7 20. Qg4 h6 21. Qf5 Bc8 22. Qd5 Be6 23. Bxc5 bxc5 24. Qxc5 Qd7 25. Nf2 Rfe8 26. Rfe1 a6 27. e5 axb5 28. axb5 Bxb3 29. cxb3 Rab8 30. Re4 Rxb5 31. Rxd4 Rxc5 32. Rxd7 Rcxe5 33. Ne4 f5 34. Nc3 Re1+ 35. Kf2 Bxc3 0-1

[Event "SRB Central-chT qual"]
[Site "Nis"]
[Date "2014.10.02"]
[Round "1"]
[White "Stamenkovic, Nikola"]
[Black "Rasic, Jovan"]
[Result "0-1"]
[WhiteElo "1809"]
[BlackElo "2016"]
[PlyCount "56"]
[EventDate "2014.10.02"]
[EventType "team-tourn"]
[EventRounds "7"]
[EventCountry "SRB"]
[SourceTitle "CBM 163 Extra"]
[Source "ChessBase"]
[SourceDate "2014.12.23"]
[SourceVersion "1"]
[SourceVersionDate "2014.12.23"]
[SourceQuality "1"]

1. Nf3 b6 2. g3 Bb7 3. Bg2 g5 4. 0-0 g4 5. Ne1 Bxg2 6. Nxg2 Nc6 7. e4 h5 8. d4 e6 9. d5 Ne5 10. Nd2 h4 11. b3 Bg7 12. Rb1 Qe7 13. Bb2 0-0-0 14. Bxe5 Bxe5 15. Nc4 Qg5 16. Nxe5 Qxe5 17. Qxg4 Nf6 18. Qf3 hxg3 19. fxg3 Nxe4 20. d6 cxd6 21. Rbe1 f5 22. Qd3 Kb8 23. Nf4 Rdg8 24. c4 Qc5+ 25. Qe3 Qc6 26. Nd3 Nxg3 27. Rf3 f4 28. Qxf4 Ne2+ 0-1

[Event "SRB-chT3 Ost"]
[Site "Kladovo"]
[Date "2013.10.18"]
[Round "2.51"]
[White "Rasic, Jovan"]
[Black "Zivulovic, Dobrica"]
[Result "1-0"]
[WhiteElo "2114"]
[BlackElo "2057"]
[PlyCount "51"]
[EventDate "2013.10.17"]
[EventType "team-swiss"]
[EventRounds "8"]
[EventCountry "SRB"]
[SourceTitle "EXT 2015"]
[Source "ChessBase"]
[SourceDate "2014.11.20"]
[SourceVersion "1"]
[SourceVersionDate "2014.11.20"]
[SourceQuality "1"]

1. e4 c5 2. d4 cxd4 3. c3 d5 4. exd5 Qxd5 5. Nf3 Nc6 6. Be2 Bf5 7. cxd4 0-0-0 8. Nc3 Qa5 9. 0-0 Nf6 10. Bf4 e5 11. Bxe5 Bd6 12. Bxd6 Rxd6 13. a3 Rdd8 14. b4 Qb6 15. Rc1 Kb8 16. Na4 Qc7 17. b5 Nxd4 18. Rxc7 Nxf3+ 19. Bxf3 Rxd1 20. Rxb7+ Kc8 21. Rxa7 Rxf1+ 22. Kxf1 Ne4 23. Bxe4 Bxe4 24. f3 Bd5 25. Nc5 Bc4+ 26. Kf2 1-0

[Event "SRB-chT3 Ost"]
[Site "Kladovo"]
[Date "2013.10.17"]
[Round "1.51"]
[White "Modric, Nesa"]
[Black "Rasic, Jovan"]
[Result "1-0"]
[WhiteElo "2221"]
[BlackElo "2114"]
[PlyCount "101"]
[EventDate "2013.10.17"]
[EventType "team-swiss"]
[EventRounds "8"]
[EventCountry "SRB"]
[SourceTitle "EXT 2015"]
[Source "ChessBase"]
[SourceDate "2014.11.20"]
[SourceVersion "1"]
[SourceVersionDate "2014.11.20"]
[SourceQuality "1"]

1. d4 g6 2. Nf3 d5 3. c4 Nf6 4. Nc3 Bg7 5. h3 0-0 6. Bf4 c6 7. e3 Bf5 8. Be2 a5 9. a3 dxc4 10. Bxc4 b5 11. Be2 a4 12. Rc1 Qa5 13. 0-0 Nbd7 14. g4 Be6 15. e4 Rfd8 16. Bd2 Qb6 17. Be3 Qb7 18. Qd2 Nc5 19. Qc2 Bb3 20. Qb1 Ncd7 21. Nd2 b4 22. axb4 Qxb4 23. g5 Nh5 24. e5 c5 25. Nxb3 Qxb3 26. Nb5 Rab8 27. Bc4 Qb4 28. e6 Nb6 29. exf7+ Kh8 30. Na7 Nxc4 31. Nc6 Nd2 32. Nxb4 Nxb1 33. Nc6 cxd4 34. Nxd8 Rxd8 35. Rfd1 a3 36. Rxb1 axb2 37. Bxd4 Rf8 38. Rxb2 Bxd4 39. Rxd4 Kg7 40. Re2 Rxf7 41. Rd7 Kf8 42. Rd8+ Kg7 43. Re8 Nf4 44. Re3 e6 45. h4 Rb7 46. Rf3 Rf7 47. Kh2 h5 48. gxh6+ Kxh6 49. Rxe6 Rf5 50. Re4 g5 51. Kg3 1-0

[Event "SRB-chT2 East"]
[Site "Zajecar"]
[Date "2013.10.13"]
[Round "6.34"]
[White "Djuretanovic, Ivan"]
[Black "Rasic, Jovan"]
[Result "1-0"]
[WhiteElo "2033"]
[BlackElo "2114"]
[PlyCount "63"]
[EventDate "2013.10.10"]
[EventType "team-swiss"]
[EventRounds "8"]
[EventCountry "SRB"]
[SourceTitle "EXT 2015"]
[Source "ChessBase"]
[SourceDate "2014.11.20"]
[SourceVersion "1"]
[SourceVersionDate "2014.11.20"]
[SourceQuality "1"]

1. e4 g6 2. d4 Bg7 3. f4 d5 4. e5 h5 5. Nf3 Nh6 6. Be3 Bf5 7. h3 e6 8. Bf2 0-0 9. c3 Nd7 10. Na3 Rc8 11. Nc2 c5 12. Bd3 cxd4 13. Ncxd4 Bxd3 14. Qxd3 Nc5 15. Qe2 Ne4 16. Bh4 Qb6 17. Bf2 Nxf2 18. Qxf2 a6 19. 0-0 Rc4 20. Rab1 Rfc8 21. Kh2 Bf8 22. Qh4 Qd8 23. Qg3 Nf5 24. Nxf5 exf5 25. e6 Kg7 26. exf7 Qf6 27. Ng5 d4 28. cxd4 Rxd4 29. Rbe1 Rc6 30. Re8 Rd8 31. Rfe1 Rcd6 32. Rxd8 1-0

[Event "SRB-chT2 East"]
[Site "Zajecar"]
[Date "2013.10.11"]
[Round "3"]
[White "Vranjanac, Cedomir"]
[Black "Rasic, Jovan"]
[Result "0-1"]
[WhiteElo "1825"]
[BlackElo "2114"]
[PlyCount "56"]
[EventDate "2013.10.10"]
[EventType "team-swiss"]
[EventRounds "8"]
[EventCountry "SRB"]
[SourceTitle "EXT 2014"]
[Source "ChessBase"]
[SourceDate "2013.11.20"]
[SourceVersion "1"]
[SourceVersionDate "2013.11.20"]
[SourceQuality "1"]

1. e4 g6 2. d4 Bg7 3. Be3 d6 4. g3 Nf6 5. Nc3 Nc6 6. h3 0-0 7. Bg2 e5 8. d5 Nd4 9. Nge2 Nxe2 10. Qxe2 a6 11. a4 Nd7 12. 0-0 f5 13. Qd2 Nf6 14. Kh2 Nh5 15. exf5 gxf5 16. Bf3 Nf6 17. Bh6 Qe8 18. Bxg7 Kxg7 19. Qg5+ Kh8 20. Rg1 Qf7 21. Rad1 Bd7 22. Qh4 Rg8 23. Be2 Rg7 24. f3 Rag8 25. Rg2 Qe7 26. Rdg1 f4 27. g4 Nxg4+ 28. Rxg4 Qxh4 0-1

[Event "Nis Art Faculty op"]
[Site "Nis"]
[Date "2013.08.03"]
[Round "1"]
[White "Djordjevic, Lazar"]
[Black "Rasic, Jovan"]
[Result "1/2-1/2"]
[WhiteElo "1696"]
[BlackElo "2110"]
[PlyCount "21"]
[EventDate "2013.08.03"]
[EventType "swiss"]
[EventRounds "7"]
[EventCountry "SRB"]
[SourceTitle "EXT 2015"]
[Source "ChessBase"]
[SourceDate "2014.11.20"]
[SourceVersion "1"]
[SourceVersionDate "2014.11.20"]
[SourceQuality "1"]

1. e4 g6 2. d4 Bg7 3. c4 d6 4. Nc3 Nf6 5. h3 0-0 6. Nf3 Nfd7 7. Be2 Nc6 8. 0-0 e5 9. d5 Ne7 10. Bg5 f6 11. Be3 1/2-1/2

[Event "Nis op"]
[Site "Nis"]
[Date "2013.03.28"]
[Round "9"]
[White "Biljanic, Ljubomir"]
[Black "Rasic, Jovan"]
[Result "1-0"]
[WhiteElo "2322"]
[BlackElo "2015"]
[PlyCount "105"]
[EventDate "2013.03.21"]
[EventType "swiss"]
[EventRounds "9"]
[EventCountry "SRB"]
[SourceTitle "CBM 153 Extra"]
[Source "ChessBase"]
[SourceDate "2013.04.22"]
[SourceVersion "1"]
[SourceVersionDate "2013.04.22"]
[SourceQuality "1"]

1. d4 g6 2. c4 Bg7 3. Nc3 c5 4. d5 d6 5. Nf3 Nf6 6. e4 0-0 7. Be2 b5 8. cxb5 a6 9. 0-0 axb5 10. Bxb5 Ba6 11. Re1 Bxb5 12. Nxb5 Ng4 13. h3 Ne5 14. Nxe5 Bxe5 15. a4 Na6 16. Na3 f5 17. Nc4 Bd4 18. Be3 Bg7 19. Bg5 h6 20. Bd2 f4 21. Qg4 Kh7 22. e5 h5 23. Qf3 dxe5 24. Nxe5 Nc7 25. Qe4 Bxe5 26. Qxe5 Nxd5 27. Bc3 Nxc3 28. Qxe7+ Qxe7 29. Rxe7+ Kg8 30. bxc3 Rf7 31. Rxf7 Kxf7 32. Kf1 Ke6 33. Ke2 Kd5 34. Kd3 g5 35. c4+ Ke5 36. a5 g4 37. hxg4 hxg4 38. a6 g3 39. f3 Rd8+ 40. Kc3 Ra8 41. a7 Kd6 42. Kd3 Ke5 43. Ra6 Rd8+ 44. Kc3 Ra8 45. Ra5 Kd6 46. Ra2 Ke5 47. Ra6 Kf5 48. Ra5 Ke6 49. Kb3 Kd6 50. Ka4 Ke5 51. Kb5 Kd4 52. Ra3 Rb8+ 53. axb8R 1-0

[Event "Nis op"]
[Site "Nis"]
[Date "2013.03.25"]
[Round "6"]
[White "Rasic, Jovan"]
[Black "Ilic, Zoran S"]
[Result "1/2-1/2"]
[WhiteElo "2015"]
[BlackElo "2293"]
[PlyCount "57"]
[EventDate "2013.03.21"]
[EventType "swiss"]
[EventRounds "9"]
[EventCountry "SRB"]
[SourceTitle "CBM 153 Extra"]
[Source "ChessBase"]
[SourceDate "2013.04.22"]
[SourceVersion "1"]
[SourceVersionDate "2013.04.22"]
[SourceQuality "1"]

1. e4 c5 2. d4 cxd4 3. c3 d5 4. exd5 Qxd5 5. cxd4 Nc6 6. Be3 e6 7. Nc3 Qd8 8. Nf3 Nf6 9. Bc4 Be7 10. 0-0 0-0 11. a3 b6 12. d5 Na5 13. Ba2 exd5 14. Nxd5 Nxd5 15. Bxd5 Bb7 16. Bxb7 Nxb7 17. Ne5 Bc5 18. Nd7 Re8 19. Nxc5 Nxc5 20. b4 Ne4 21. Rc1 Rc8 22. Qxd8 Rexd8 23. Rxc8 Rxc8 24. Rd1 Nf6 25. a4 h6 26. a5 Rc4 27. Rd4 Rxd4 28. Bxd4 Nd5 29. axb6 1/2-1/2

[Event "SRB-ch U18"]
[Site "Kragujevac"]
[Date "2011.04.28"]
[Round "7"]
[White "Rasic, Jovan"]
[Black "Poleksic, Petar"]
[Result "1-0"]
[WhiteElo "1875"]
[BlackElo "1635"]
[PlyCount "45"]
[EventDate "2011.04.24"]
[EventType "swiss"]
[EventRounds "9"]
[EventCountry "SRB"]
[SourceTitle "CBM 142 Extra"]
[Source "ChessBase"]
[SourceDate "2011.06.27"]
[SourceVersion "1"]
[SourceVersionDate "2011.06.27"]
[SourceQuality "1"]

1. e4 e5 2. Nf3 Nc6 3. Bb5 Nd4 4. Nxd4 exd4 5. 0-0 Bc5 6. a3 Ne7 7. b4 Bb6 8. Bb2 0-0 9. d3 c6 10. Bc4 d5 11. exd5 cxd5 12. Bb3 Be6 13. a4 Nf5 14. Qh5 g6 15. Qf3 Qg5 16. Bc1 Qd8 17. Bf4 a6 18. g4 Nh4 19. Qg3 f5 20. g5 Rc8 21. Qxh4 Bc7 22. Bxc7 Rxc7 23. f4 1-0

[Event "SRB-ch U18"]
[Site "Kragujevac"]
[Date "2011.04.25"]
[Round "3"]
[White "Bozilov, Dragan"]
[Black "Rasic, Jovan"]
[Result "1-0"]
[WhiteElo "1909"]
[BlackElo "1875"]
[PlyCount "85"]
[EventDate "2011.04.24"]
[EventType "swiss"]
[EventRounds "9"]
[EventCountry "SRB"]
[SourceTitle "CBM 142 Extra"]
[Source "ChessBase"]
[SourceDate "2011.06.27"]
[SourceVersion "1"]
[SourceVersionDate "2011.06.27"]
[SourceQuality "1"]

1. c4 g6 2. Nc3 Bg7 3. g3 d6 4. Bg2 Nc6 5. Nf3 e5 6. d3 Nge7 7. a3 0-0 8. 0-0 Bd7 9. Qc2 a5 10. e3 Qc8 11. Nb5 Na7 12. Nxa7 Rxa7 13. d4 Bh3 14. dxe5 Bxg2 15. Kxg2 dxe5 16. e4 Nc6 17. Rd1 Nd4 18. Nxd4 exd4 19. c5 Qe6 20. Bf4 Qc6 21. f3 h6 22. h4 Rd8 23. Qd2 Kh7 24. Qd3 Rd7 25. b4 b5 26. cxb6 Qxb6 27. b5 a4 28. Rab1 c5 29. bxc6 Qxc6 30. Rbc1 Qb6 31. e5 Qb3 32. Qe4 d3 33. h5 Qb2+ 34. Kh3 Qxa3 35. hxg6+ fxg6 36. Rc6 Qf8 37. Rxg6 Kh8 38. e6 Rd4 39. Rxh6+ Bxh6 40. Qxd4+ Bg7 41. Qxa7 Qf5+ 42. Kg2 Qxe6 43. Qa8+ 1-0